000 00916nam a2200217Ii 4500
003 JO-AjNU
008 230605s9999||||xx |||||||||||||| ||und||
020 _a1-56564-331-3
040 _aJO-AjNU
_bara
_erda
_cJO-AjNU
041 _aara
050 1 4 _aBP315.B855 2009
100 3 _aبولطيف، لخضر محمد,
_eauthor
_952487
245 0 0 _aفقهاء المالكية والتجربة السياسية الموحدية في الغرب الإسلامي 510-668هـ / 1116-1269م
250 _aط1
264 3 1 _aفيرجينيا: المعهد العالمي للفكر الاسلامي، 2009
300 _a462ص
_bببلوغرافيا ص409-462
336 _atext
_btxt
_2rdacontent
337 _aunmediated
_bn
_2rdamedia
338 _avolume
_bnc
_2rdacarrier
650 4 _aالفقه المالكي- الاسلام والسياسة- التاريخ الاسلامي- افريقيا الشمالية
_952488
999 _aA23253
_c26821
_d26821